[Event "V  Torneo Internacional A.D. San Juan"]
[Site "Pamplona (Navarra). Hotel Blanca de Navarra (Avda.
[Date "2011.07.27"]
[Round "4"]
[Board "1"]
[White "Venkatesh, M R"]
[Black "Granda Zuniga, Julio E"]
[Result "0-1"]
[WhiteElo "2480"]
[BlackElo "2616"]
[PlyCount "114"]
[EventDate "2011.07.25"]
[EventRounds "9"]
[EventCountry "ESP"]

1.Nf3 d5 2.g3 Nf6 3.Bg2 c6 4.b3 Bf5 5.Bb2 e6 6.d3 h6 7.Nbd2 a5 8.a3 Bh7 9.O-O
Nbd7 10.Qe1 Bc5 11.e4 O-O 12.Kh1 b5 13.Nh4 Qb6 14.Qe2 e5 15.f4 Rfe8 16.Rae1 dxe4
17.dxe4 Bd6 18.Rd1 Qc7 19.f5 Nc5 20.h3 Qe7 21.g4 Nb7 22.Nhf3 Nc5 23.Qe1 Rad8
24.Rg1 g5 25.fxg6 fxg6 26.g5 Nfd7 27.gxh6 Ne6 28.Qg3 Nf4 29.Bf1 Bxa3 30.Bxa3
Qxa3 31.Ng5 Nf6 32.Nc4 Qc5 33.Rxd8 Rxd8 34.Ne3 Rf8 35.c4 b4 36.Ng4 Nd7 37.Nh2
Kh8 38.Nxh7 Kxh7 39.Nf3 Qe7 40.Ng5+ Kxh6 41.c5 Nh5 42.Qe3 Rf4 43.Bc4 Nxc5 44.Qe2
a4 45.bxa4 Nxa4 46.Ne6 Nc3 47.Qg2 Qf6 48.Nxf4 Nxf4 49.Qf3 Qh4 50.Bf7 Nxe4 51.Kh2
Ng5 52.Rxg5 Kxg5 53.Qe3 Kh6 54.Be6 Qg5 55.Bg4 Nd5 56.Qc5 Qf4+ 57.Kh1 b3 0-1

[Event "V  Torneo Internacional A.D. San Juan"]
[Site "Pamplona (Navarra). Hotel Blanca de Navarra (Avda.
[Date "2011.07.27"]
[Round "4"]
[Board "1"]
[White "Delchev, Aleksander"]
[Black "Paunovic, Dragan"]
[Result "1/2-1/2"]
[WhiteElo "2622"]
[BlackElo "2503"]
[PlyCount "115"]
[EventDate "2011.07.25"]
[EventRounds "9"]
[EventCountry "ESP"]

1.d4 Nf6 2.c4 g6 3.Nc3 Bg7 4.g3 O-O 5.Bg2 c6 6.e4 d6 7.Nge2 e5 8.O-O Nbd7 9.h3
a6 10.d5 cxd5 11.cxd5 b5 12.b3 Nc5 13.b4 Ncd7 14.a4 bxa4 15.Nxa4 Nb6 16.Nxb6
Qxb6 17.Bd2 Bd7 18.Nc1 Ne8 19.Nb3 f5 20.exf5 gxf5 21.Na5 f4 22.gxf4 exf4 23.Ra3
Nf6 24.Nc6 Rae8 25.Bxf4 Ne4 26.Be3 Qb5 27.Qd3 Qxd3 28.Rxd3 Nc3 29.Kh2 Bf5 30.Rd2
Rf6 31.Bd4 Rg6 32.Bxg7 Rxg7 33.Nd4 Be4 34.Bxe4 Rxe4 35.Rc1 Nb5 36.Ne6 Rg6 37.Rd3
Kf7 38.Rc8 Ke7 39.Rh8 Rh6 40.Rg3 Re2 41.Kg2 Rd2 42.Rg7+ Kf6 43.Rf8+ Ke5 44.Rg5+
Ke4 45.Rf4+ Kd3 46.Rg3+ Kc2 47.Rc4+ Kb1 48.Nf4 Rf6 49.Nd3 Rc2 50.Re4 Nc3 51.Re6
Nxd5 52.Re1+ Ka2 53.Nc1+ Kb2 54.Rb3+ Ka1 55.Ra3+ Kb2 56.Rb3+ Ka1 57.Ra3+ Kb2
58.Rb3+ 1/2-1/2

[Event "V  Torneo Internacional A.D. San Juan"]
[Site "Pamplona (Navarra). Hotel Blanca de Navarra (Avda.
[Date "2011.07.27"]
[Round "4"]
[Board "1"]
[White "Castellanos Rodriguez, Renier"]
[Black "Fedorchuk, Sergey A"]
[Result "1/2-1/2"]
[WhiteElo "2497"]
[BlackElo "2618"]
[PlyCount "104"]
[EventDate "2011.07.25"]
[EventRounds "9"]
[EventCountry "ESP"]

1.e4 c5 2.Nf3 Nc6 3.d4 cxd4 4.Nxd4 Qb6 5.Nb3 Nf6 6.Nc3 e6 7.a3 a6 8.Bf4 h5 9.Qd2
e5 10.Be3 Qd8 11.f3 d6 12.O-O-O Be6 13.Kb1 Rc8 14.Qf2 Nb8 15.Nc5 Qc7 16.Nxe6
fxe6 17.g3 Qf7 18.Qd2 Nbd7 19.Bh3 Be7 20.f4 O-O 21.Rhf1 Rc4 22.f5 Ng4 23.Bg5 Rd4
24.Qc1 Rxd1 25.Nxd1 Nc5 26.Nc3 Nxh2 27.Rh1 Bxg5 28.Qxg5 Nf3 29.Qe3 Nd4 30.b4
Nxe4 31.Qxe4 exf5 32.Qd3 g6 33.Bg2 Kg7 34.Nd5 Rc8 35.c3 Nb5 36.Kb2 Nc7 37.Nxc7
Qxc7 38.Bd5 b5 39.Rd1 Rf8 40.Bb3 Rf6 41.Qd5 Qc8 42.a4 bxa4 43.Bxa4 f4 44.gxf4
exf4 45.Re1 Qf5 46.Re7+ Kh6 47.Qd2 h4 48.Bc2 Qg5 49.Re8 Kg7 50.Re7+ Kh6 51.Re8
Kg7 52.Re7+ Kh6 1/2-1/2

[Event "V  Torneo Internacional A.D. San Juan"]
[Site "Pamplona (Navarra). Hotel Blanca de Navarra (Avda.
[Date "2011.07.27"]
[Round "4"]
[Board "1"]
[White "Solodovnichenko, Yuri"]
[Black "Reinaldo Castineira, Roi"]
[Result "1-0"]
[WhiteElo "2615"]
[BlackElo "2492"]
[PlyCount "87"]
[EventDate "2011.07.25"]
[EventRounds "9"]
[EventCountry "ESP"]

1.e4 e5 2.Nf3 Nc6 3.Bb5 f5 4.Nc3 fxe4 5.Nxe4 d5 6.Nxe5 dxe4 7.Nxc6 Qg5 8.Qe2 Nf6
9.Nxa7+ Bd7 10.Bxd7+ Nxd7 11.f4 Qa5 12.Nb5 Bc5 13.b4 Bxb4 14.Rb1 O-O-O 15.Na7+
Qxa7 16.Rxb4 Rhe8 17.Bb2 Nc5 18.Qe3 Rd3 19.cxd3 Nxd3+ 20.Ke2 Qa6 21.Rd4 Nxb2+
22.Kf2 Nd3+ 23.Kg1 Qb6 24.h3 Nxf4 25.Kh2 Ne2 26.Rd5 Qe6 27.Qg5 c6 28.Ra5 Qd6+
29.g3 Nd4 30.Ra8+ Kc7 31.Qa5+ Kd7 32.Rb1 Rxa8 33.Rxb7+ Ke6 34.Qxa8 Nf3+ 35.Kh1
Qxg3 36.Qe8+ Kd5 37.Rd7+ Kc5 38.Qe7+ Kb5 39.Rb7+ Ka6 40.Ra7+ Kb6 41.Qb7+ Kc5
42.Ra5+ Kd4 43.Qb4+ Kd3 44.Ra3+ 1-0

[Event "V  Torneo Internacional A.D. San Juan"]
[Site "Pamplona (Navarra). Hotel Blanca de Navarra (Avda.
[Date "2011.07.27"]
[Round "4"]
[Board "1"]
[White "Khamrakulov, Ibragim S"]
[Black "Damljanovic, Branko"]
[Result "1/2-1/2"]
[WhiteElo "2496"]
[BlackElo "2611"]
[PlyCount "99"]
[EventDate "2011.07.25"]
[EventRounds "9"]
[EventCountry "ESP"]

1.e4 d6 2.d4 Nf6 3.Nc3 e5 4.Nf3 Nbd7 5.Bc4 Be7 6.O-O O-O 7.Re1 c6 8.a4 exd4
9.Nxd4 Ne5 10.Bf1 Re8 11.h3 Bf8 12.Bg5 h6 13.Bh4 Ng6 14.Bg3 Qa5 15.Nb3 Qg5
16.Qd2 Nh5 17.Qxg5 hxg5 18.Bh2 Ne5 19.Rad1 g6 20.Na5 Nf6 21.f3 Nfd7 22.Bg3 a6
23.Nc4 Nxc4 24.Bxc4 Ne5 25.Bb3 b5 26.axb5 axb5 27.Ra1 Bd7 28.Red1 Rxa1 29.Rxa1
Rb8 30.Ra7 Be8 31.Kf1 Bg7 32.Nd1 Bf6 33.Nf2 Rd8 34.c3 Kf8 35.Ke2 Be7 36.Nd3 Nd7
37.e5 d5 38.Bf2 c5 39.Bxd5 Nxe5 40.Be4 Nxd3 41.Bxd3 c4 42.Be4 f5 43.Bc2 b4
44.Ba4 bxc3 45.bxc3 Bf6 46.Bc5+ Kg8 47.Bxe8 Rxe8+ 48.Kd2 Rd8+ 49.Kc2 Rd3 50.Bb4 1/2-1/2

[Event "V  Torneo Internacional A.D. San Juan"]
[Site "Pamplona (Navarra). Hotel Blanca de Navarra (Avda.
[Date "2011.07.27"]
[Round "4"]
[Board "1"]
[White "Iturrizaga, Eduardo"]
[Black "Berbatov, Kiprian"]
[Result "1-0"]
[WhiteElo "2603"]
[BlackElo "2472"]
[PlyCount "63"]
[EventDate "2011.07.25"]
[EventRounds "9"]
[EventCountry "ESP"]

1.d4 Nf6 2.Nf3 g6 3.c4 Bg7 4.g3 O-O 5.Bg2 d6 6.O-O Nbd7 7.Nc3 e5 8.e4 c6 9.Be3
Ng4 10.Bg5 Bf6 11.Bxf6 Ngxf6 12.Qd2 Qe7 13.Rad1 a6 14.Rfe1 b5 15.c5 dxc5 16.Nxe5
Nxe5 17.dxe5 Qxe5 18.f4 Qe7 19.e5 Nd5 20.Bxd5 cxd5 21.Nxd5 Qa7 22.f5 c4+ 23.Kf1
Bxf5 24.Qh6 Kh8 25.g4 Bc2 26.Re2 f6 27.Rxc2 fxe5+ 28.Kg2 Rad8 29.Qg5 Qg7 30.Re2
e4 31.Qe3 Rde8 32.Qd4 1-0

[Event "V  Torneo Internacional A.D. San Juan"]
[Site "Pamplona (Navarra). Hotel Blanca de Navarra (Avda.
[Date "2011.07.27"]
[Round "4"]
[Board "1"]
[White "Ortiz Suarez, Isan Reynaldo"]
[Black "Garza Marco, Sergio"]
[Result "1-0"]
[WhiteElo "2556"]
[BlackElo "2403"]
[PlyCount "79"]
[EventDate "2011.07.25"]
[EventRounds "9"]
[EventCountry "ESP"]

1.d4 d6 2.e4 Nf6 3.Nc3 e5 4.Nf3 Nbd7 5.Bc4 Be7 6.O-O O-O 7.Re1 a6 8.a4 b6 9.b3
c6 10.d5 c5 11.Bd3 Ne8 12.Ne2 g6 13.Bh6 Ng7 14.Ng3 Nf6 15.h3 Kh8 16.Nh2 Ng8
17.Bd2 f5 18.b4 f4 19.Ngf1 h5 20.a5 cxb4 21.Bxb4 Nh6 22.Nd2 b5 23.c4 g5 24.Be2
Qe8 25.Rc1 Qg6 26.cxb5 g4 27.hxg4 hxg4 28.Rxc8 Raxc8 29.Nxg4 axb5 30.Nxe5 dxe5
31.Bxe7 Rg8 32.Bf1 Rc3 33.Nf3 Ng4 34.Nh4 Qh5 35.Be2 Ne8 36.d6 Rh3 37.d7 Rxh4
38.Bxh4 Qxh4 39.Bxg4 Nc7 40.Qd6 1-0

[Event "V  Torneo Internacional A.D. San Juan"]
[Site "Pamplona (Navarra). Hotel Blanca de Navarra (Avda.
[Date "2011.07.28"]
[Round "5"]
[Board "1"]
[White "Almeida Quintana, Omar"]
[Black "Solodovnichenko, Yuri"]
[Result "1/2-1/2"]
[WhiteElo "2548"]
[BlackElo "2615"]
[PlyCount "54"]
[EventDate "2011.07.25"]
[EventRounds "9"]
[EventCountry "ESP"]

1.d4 d5 2.Nf3 Nf6 3.c4 e6 4.Nc3 c6 5.e3 Nbd7 6.Qc2 Bd6 7.Bd3 e5 8.cxd5 cxd5
9.Nb5 Bb8 10.dxe5 Nxe5 11.Nxe5 Bxe5 12.Bd2 O-O 13.Bc3 Bxc3+ 14.Qxc3 Bd7 15.Nd4
Ne4 16.Bxe4 dxe4 17.O-O Rc8 18.Qb4 Qc7 19.h3 b6 20.Rfd1 Qe5 21.Rac1 Qg5 22.Kh2
Qe5+ 23.Kh1 Qf6 24.Kg1 Qg5 25.Kh2 Qe5+ 26.Kh1 Qf6 27.Kg1 Qg5 1/2-1/2

[Event "V  Torneo Internacional A.D. San Juan"]
[Site "Pamplona (Navarra). Hotel Blanca de Navarra (Avda.
[Date "2011.07.28"]
[Round "5"]
[Board "1"]
[White "Granda Zuniga, Julio E"]
[Black "Ortiz Suarez, Isan Reynaldo"]
[Result "1/2-1/2"]
[WhiteElo "2616"]
[BlackElo "2556"]
[PlyCount "120"]
[EventDate "2011.07.25"]
[EventRounds "9"]
[EventCountry "ESP"]

1.d4 d5 2.c4 c6 3.Nc3 Nf6 4.e3 e6 5.Nf3 Nbd7 6.Bd3 dxc4 7.Bxc4 b5 8.Bd3 Bd6
9.Bd2 Bb7 10.O-O a6 11.b4 O-O 12.Qb1 Qe7 13.Ne2 e5 14.Ng3 g6 15.a3 Rfe8 16.Ng5
Bc7 17.Qb3 Rad8 18.Rad1 Ng4 19.N5e4 Qh4 20.h3 Ngf6 21.Rfe1 Nxe4 22.Nxe4 c5
23.Nxc5 Nxc5 24.dxc5 Bxg2 25.Kxg2 e4 26.Be2 Qg5+ 27.Kf1 Bh2 28.Bg4 h5 29.f4 Qh4
30.Re2 Bg3 31.Bc8 Rd3 32.Bc3 Rxc8 33.Rxd3 Qxh3+ 34.Kg1 exd3 35.Rg2 Rd8 36.Qd1 h4
37.Rd2 Qf5 38.Kg2 Qe4+ 39.Qf3 f5 40.Qxe4 fxe4 41.Rd1 Kf7 42.Kh3 Ke6 43.Kg4 Kd5
44.Rc1 Kc6 45.Bd2 Rh8 46.Kh3 Rh5 47.Kg4 Bf2 48.Kh3 a5 49.bxa5 Rxc5 50.Rxc5+ Kxc5
51.Kg4 Kc6 52.Kh3 Kb7 53.Kg4 Ka6 54.Kh3 Ka7 55.Kg4 Kb7 56.Kh3 Ka6 57.Kg4 Kb7
58.Kh3 Kc6 59.Kg4 Kd5 60.Kh3 Kc6 1/2-1/2

[Event "V  Torneo Internacional A.D. San Juan"]
[Site "Pamplona (Navarra). Hotel Blanca de Navarra (Avda.
[Date "2011.07.28"]
[Round "5"]
[Board "1"]
[White "Aroshidze, Levan"]
[Black "Iturrizaga, Eduardo"]
[Result "1/2-1/2"]
[WhiteElo "2539"]
[BlackElo "2603"]
[PlyCount "92"]
[EventDate "2011.07.25"]
[EventRounds "9"]
[EventCountry "ESP"]

1.e4 c5 2.Nf3 g6 3.d4 cxd4 4.Nxd4 Nc6 5.c4 Nf6 6.Nc3 d6 7.Be2 Nxd4 8.Qxd4 Bg7
9.Be3 O-O 10.Qd2 a5 11.O-O a4 12.f3 Qa5 13.Rfc1 Be6 14.Rab1 Rfc8 15.b4 axb3
16.axb3 Qb4 17.Rc2 Nd7 18.Qc1 Nc5 19.Nd5 Bxd5 20.cxd5 Bd4 21.Bxd4 Qxd4+ 22.Kh1
Kg7 23.b4 Nd3 24.Bxd3 Qxd3 25.Qb2+ f6 26.Rcc1 g5 27.h3 Qe3 28.b5 h5 29.b6 g4
30.Rc7 Kf7 31.Qc1 Qxc1+ 32.Rbxc1 Rcb8 33.Kh2 gxf3 34.gxf3 h4 35.Rg1 Ra3 36.Rg4
Rxf3 37.Rxh4 Ra8 38.Rh7+ Kg6 39.Rcxe7 Ra2+ 40.Kg1 Kg5 41.Reg7+ Kf4 42.Rg4+ Ke3
43.Rg2 Ra1+ 44.Kh2 Rff1 45.Rxb7 Rab1 46.Re7 Kf3 1/2-1/2

[Event "V  Torneo Internacional A.D. San Juan"]
[Site "Pamplona (Navarra). Hotel Blanca de Navarra (Avda.
[Date "2011.07.28"]
[Round "5"]
[Board "1"]
[White "Venkatesh, M R"]
[Black "Delchev, Aleksander"]
[Result "0-1"]
[WhiteElo "2480"]
[BlackElo "2622"]
[PlyCount "72"]
[EventDate "2011.07.25"]
[EventRounds "9"]
[EventCountry "ESP"]

1.Nf3 d5 2.g3 g6 3.c4 Nf6 4.b3 Bg7 5.Bb2 c6 6.Bg2 O-O 7.d3 Nbd7 8.Qc2 Re8 9.Nc3
e5 10.cxd5 cxd5 11.O-O a6 12.Na4 Bf8 13.d4 e4 14.Ne5 Bd6 15.Nxd7 Bxd7 16.Nc5 Rc8
17.Qd2 Bc6 18.Bh3 Rc7 19.Rac1 h5 20.Bc3 Rce7 21.Qg5 Nh7 22.Qh6 b6 23.Nxa6 Bb7
24.Nb4 e3 25.Nd3 Re4 26.Bb4 Bxb4 27.Nxb4 Ng5 28.Bg2 exf2+ 29.Rxf2 Rxe2 30.Nd3
Rxf2 31.Nxf2 Qf6 32.h4 Re2 33.Rf1 Nf3+ 34.Kh1 Ba6 35.Nd3 Bxd3 36.Rxf3 Qxd4 0-1

[Event "V  Torneo Internacional A.D. San Juan"]
[Site "Pamplona (Navarra). Hotel Blanca de Navarra (Avda.
[Date "2011.07.28"]
[Round "5"]
[Board "1"]
[White "Fedorchuk, Sergey A"]
[Black "Das, Arghyadip"]
[Result "1-0"]
[WhiteElo "2618"]
[BlackElo "2471"]
[PlyCount "111"]
[EventDate "2011.07.25"]
[EventRounds "9"]
[EventCountry "ESP"]

1.e4 e5 2.Nf3 Nc6 3.Bc4 Nf6 4.d3 Be7 5.O-O O-O 6.Re1 d6 7.a4 Na5 8.Ba2 c5 9.c3
Nc6 10.Nbd2 h6 11.Nc4 Be6 12.Bd2 Re8 13.b4 Bf8 14.b5 Ne7 15.d4 cxd4 16.cxd4 Nxe4
17.Rxe4 d5 18.Rxe5 dxc4 19.Qc2 Ng6 20.Re3 Rc8 21.Rae1 Qd5 22.Bb1 Bd6 23.Ne5 Nf8
24.Bc3 f6 25.Qe2 fxe5 26.Be4 Qxd4 27.Bxd4 exd4 28.Rf3 d3 29.Qd2 Re7 30.g3 Rce8
31.Bf5 Kh8 32.Qc3 Bd5 33.Rxe7 Rxe7 34.Re3 Rxe3 35.fxe3 Bf7 36.Kf2 b6 37.Be4 Bc5
38.Bf5 Nh7 39.Bxh7 Kxh7 40.Kf3 Bd5+ 41.e4 Be6 42.h3 Kg6 43.a5 Kh7 44.a6 Bf7
45.g4 Be7 46.Kg3 Bg5 47.h4 Be7 48.e5 Bc5 49.Qe1 Bd5 50.e6 d2 51.Qxd2 Bxe6
52.Qc2+ Kh8 53.Qd2 Be7 54.g5 hxg5 55.hxg5 g6 56.Qe3 1-0

[Event "V  Torneo Internacional A.D. San Juan"]
[Site "Pamplona (Navarra). Hotel Blanca de Navarra (Avda.
[Date "2011.07.28"]
[Round "5"]
[Board "1"]
[White "Damljanovic, Branko"]
[Black "Klenburg, Mikhail"]
[Result "1-0"]
[WhiteElo "2611"]
[BlackElo "2412"]
[PlyCount "91"]
[EventDate "2011.07.25"]
[EventRounds "9"]
[EventCountry "ESP"]

1.d4 d6 2.Nf3 Nf6 3.c4 g6 4.g3 Bg7 5.Bg2 O-O 6.O-O c6 7.Nc3 Nbd7 8.e4 e5 9.b3
exd4 10.Nxd4 Re8 11.Re1 a5 12.h3 Nc5 13.Rb1 Nfd7 14.Be3 Qe7 15.Qc2 Ne5 16.Rbd1
a4 17.f4 axb3 18.axb3 Ned7 19.Bf2 Na6 20.Na2 Nf8 21.b4 Nc7 22.Nc3 h5 23.Na4 Nd7
24.Nf3 Na6 25.Qb3 c5 26.b5 Nc7 27.b6 Na6 28.Rd2 Nf6 29.Nc3 Qf8 30.Ng5 Bh6 31.Nb5
Rd8 32.Red1 Bxg5 33.fxg5 Nh7 34.Be3 Qe7 35.h4 Bg4 36.Rf1 Rd7 37.Rdf2 Qe8 38.Bc1
Nf8 39.Bb2 Ne6 40.Qc3 Nd4 41.Nxd4 cxd4 42.Qxd4 Qe5 43.Qd2 Qc5 44.Qf4 Kh7 45.Qf6
Rg8 46.Bd4 1-0

[Event "V  Torneo Internacional A.D. San Juan"]
[Site "Pamplona (Navarra). Hotel Blanca de Navarra (Avda.
[Date "2011.07.28"]
[Round "5"]
[Board "1"]
[White "Hansen, Torbjorn Ringdal"]
[Black "Oleksienko, Mikhailo"]
[Result "0-1"]
[WhiteElo "2468"]
[BlackElo "2564"]
[PlyCount "68"]
[EventDate "2011.07.25"]
[EventRounds "9"]
[EventCountry "ESP"]

1.e4 c5 2.Nf3 d6 3.d4 cxd4 4.Nxd4 Nf6 5.Nc3 a6 6.Bg5 e6 7.f4 Qc7 8.Qe2 Nc6
9.O-O-O Bd7 10.Nxc6 bxc6 11.Bxf6 gxf6 12.Qh5 Rb8 13.Bc4 d5 14.Bb3 Qxf4+ 15.Kb1
Qe5 16.Qf3 d4 17.Ne2 c5 18.c3 Bc6 19.Ka1 dxc3 20.Nxc3 Bg7 21.Bd5 Bd7 22.Bb3 Rb4
23.Qd3 Rd4 24.Qxa6 O-O 25.g3 Rb8 26.Qf1 Bc6 27.Qa6 Bb7 28.Qa7 f5 29.Rhe1 Bxe4
30.Rxd4 cxd4 31.Nxe4 Rc8 32.Bc2 d3 33.Qb7 Qxb2+ 34.Qxb2 dxc2 0-1

[Event "V  Torneo Internacional A.D. San Juan"]
[Site "Pamplona (Navarra). Hotel Blanca de Navarra (Avda.
[Date "2011.07.28"]
[Round "5"]
[Board "1"]
[White "Huerga Leache, Mikel"]
[Black "Moreno Ruiz, Javier"]
[Result "0-1"]
[WhiteElo "2453"]
[BlackElo "2545"]
[PlyCount "116"]
[EventDate "2011.07.25"]
[EventRounds "9"]
[EventCountry "ESP"]

1.e4 e6 2.d4 d5 3.Nd2 Be7 4.Bd3 c5 5.dxc5 Nf6 6.Qe2 O-O 7.Ngf3 a5 8.O-O Na6 9.e5
Nd7 10.Bb5 Ndxc5 11.Nb3 a4 12.Nxc5 Nxc5 13.a3 Bd7 14.Bd3 Nxd3 15.Qxd3 Rc8 16.Be3
f6 17.Rfe1 Qc7 18.exf6 gxf6 19.Bh6 Rf7 20.Nd4 Qb6 21.b4 axb3 22.cxb3 Kh8 23.b4
Rg8 24.Be3 Qd6 25.f4 Bf8 26.Kh1 e5 27.fxe5 fxe5 28.Nf3 Bf5 29.Qc3 Qg6 30.Bg5 d4
31.Qd2 Bg7 32.Rxe5 Be4 33.Nh4 Qc6 34.Rc5 Qa6 35.b5 Qxa3 36.Rcc1 Qd6 37.Re1 Qd5
38.Bf4 Bf6 39.Qe2 d3 40.Qxe4 Qxe4 41.Rxe4 Bxa1 42.Nf3 Rf5 43.Ra4 Bf6 44.b6 Rb5
45.h4 Rb1+ 46.Kh2 Rb2 47.Kh3 Rxb6 48.Rc4 Rc6 49.Rb4 Rg7 50.Ra4 Rd7 51.h5 Kg7
52.Bd2 b5 53.Rf4 Rd5 54.h6+ Kg6 55.Rg4+ Kf7 56.Re4 Rc4 57.Re1 Bc3 58.Rf1 Bxd2 0-1

[Event "V  Torneo Internacional A.D. San Juan"]
[Site "Pamplona (Navarra). Hotel Blanca de Navarra (Avda.
[Date "2011.07.29"]
[Round "6"]
[Board "1"]
[White "Delchev, Aleksander"]
[Black "Almeida Quintana, Omar"]
[Result "1-0"]
[WhiteElo "2622"]
[BlackElo "2548"]
[PlyCount "103"]
[EventDate "2011.07.25"]
[EventRounds "9"]
[EventCountry "ESP"]

1.d4 g6 2.c4 Bg7 3.Nf3 d6 4.g3 Nf6 5.Bg2 O-O 6.Nc3 c6 7.O-O Qa5 8.e4 e5 9.h3
Nbd7 10.Re1 exd4 11.Nxd4 Ne5 12.Bf1 Be6 13.Nxe6 fxe6 14.Be3 Rad8 15.f4 Nf7
16.Bg2 e5 17.f5 gxf5 18.exf5 d5 19.cxd5 Kh8 20.g4 cxd5 21.Qa4 Qxa4 22.Nxa4 h6
23.Nc5 Rfe8 24.Ne6 Rc8 25.Bxa7 Rc2 26.Rac1 Rec8 27.Be3 Kg8 28.Bf1 e4 29.Rxc2
Rxc2 30.Re2 Rc8 31.Rd2 Ne5 32.Be2 Nf3+ 33.Bxf3 exf3 34.Rf2 Ne4 35.Rxf3 Bxb2
36.Bxh6 Rc2 37.Rd3 Nf2 38.Rd2 Rxd2 39.Bxd2 Ne4 40.Be3 Nc3 41.Nf4 Nxa2 42.Nxd5 b5
43.Bd2 Ba3 44.Kf1 b4 45.Ke2 b3 46.Kd3 Kg7 47.g5 Bc1 48.h4 b2 49.Bc3+ Kh7 50.Kc2
Nxc3 51.Nxc3 Bf4 52.Kxb2 1-0

[Event "V  Torneo Internacional A.D. San Juan"]
[Site "Pamplona (Navarra). Hotel Blanca de Navarra (Avda.
[Date "2011.07.29"]
[Round "6"]
[Board "1"]
[White "Ortiz Suarez, Isan Reynaldo"]
[Black "Fedorchuk, Sergey A"]
[Result "1/2-1/2"]
[WhiteElo "2556"]
[BlackElo "2618"]
[PlyCount "113"]
[EventDate "2011.07.25"]
[EventRounds "9"]
[EventCountry "ESP"]

1.e4 c5 2.Nf3 Nc6 3.d4 cxd4 4.Nxd4 Qb6 5.Nb3 Nf6 6.Nc3 e6 7.Be3 Qc7 8.Bd3 d6
9.g4 a6 10.g5 Nd7 11.f4 b5 12.Qd2 Nc5 13.Qf2 Na4 14.Nd1 Bb7 15.a3 d5 16.O-O dxe4
17.Bxe4 Bd6 18.Nd2 f5 19.Bg2 Nd8 20.c4 O-O 21.Rc1 Rc8 22.c5 e5 23.Nb3 Be7
24.fxe5 f4 25.Bd4 Bxg2 26.Qxg2 Ne6 27.Qd5 Qc6 28.Qxc6 Rxc6 29.h4 Nxd4 30.Nxd4
Rxc5 31.Nf2 Rfc8 32.Nf5 Bf8 33.Rxc5 Rxc5 34.Nd3 Rd5 35.Rf3 Nc5 36.Nxf4 Rxe5
37.Nd4 Re4 38.Nde2 Na4 39.b4 Nb2 40.Kf2 Bd6 41.h5 Nc4 42.h6 Ne5 43.Rc3 Rc4
44.hxg7 Kxg7 45.Rh3 Nf7 46.Ne6+ Kg6 47.Rd3 Bh2 48.Nd8 Be5 49.Nxf7 Kxf7 50.Rh3
Kg7 51.Rh6 a5 52.Ng3 Rf4+ 53.Kg2 Kg8 54.bxa5 Ra4 55.a6 Bg7 56.Rb6 Rxa3 57.Rxb5 1/2-1/2

[Event "V  Torneo Internacional A.D. San Juan"]
[Site "Pamplona (Navarra). Hotel Blanca de Navarra (Avda.
[Date "2011.07.29"]
[Round "6"]
[Board "1"]
[White "Moreno Ruiz, Javier"]
[Black "Granda Zuniga, Julio E"]
[Result "0-1"]
[WhiteElo "2545"]
[BlackElo "2616"]
[PlyCount "74"]
[EventDate "2011.07.25"]
[EventRounds "9"]
[EventCountry "ESP"]

1.d4 d5 2.c4 c6 3.Nc3 Nf6 4.cxd5 cxd5 5.Bf4 Nc6 6.e3 a6 7.Rc1 Bf5 8.Nf3 Rc8
9.Ne5 Nxe5 10.Bxe5 Nd7 11.Qb3 Qb6 12.Qxb6 Nxb6 13.Be2 f6 14.Bf4 e6 15.g4 Bg6
16.h4 h6 17.O-O Kd7 18.Kg2 Bb4 19.g5 hxg5 20.hxg5 Bf5 21.Rg1 fxg5 22.Bxg5 Rc6
23.Bf4 Rhc8 24.Kf1 g6 25.Rh1 g5 26.Bxg5 Na4 27.a3 Nxc3 28.axb4 Nxe2 29.Rxc6 Rxc6
30.Kxe2 Rc2+ 31.Kd1 Rxf2 32.b3 Rb2 33.Rh8 Rxb3 34.Rg8 Rxb4 35.Bf4 b6 36.Kd2 Rb3
37.Rg1 Kc6 0-1

[Event "V  Torneo Internacional A.D. San Juan"]
[Site "Pamplona (Navarra). Hotel Blanca de Navarra (Avda.
[Date "2011.07.29"]
[Round "6"]
[Board "1"]
[White "Solodovnichenko, Yuri"]
[Black "Aroshidze, Levan"]
[Result "1/2-1/2"]
[WhiteElo "2615"]
[BlackElo "2539"]
[PlyCount "87"]
[EventDate "2011.07.25"]
[EventRounds "9"]
[EventCountry "ESP"]

1.e4 c5 2.Nf3 e6 3.d4 cxd4 4.Nxd4 Nc6 5.Nc3 Qc7 6.Be3 Nf6 7.Qf3 a6 8.O-O-O Bb4
9.Nxc6 bxc6 10.Bd4 d5 11.Bxf6 gxf6 12.Qxf6 Rg8 13.exd5 cxd5 14.Bd3 Be7 15.Qf3
Rb8 16.Rde1 Qa5 17.Bxh7 Rg7 18.Qd3 d4 19.Ne2 Qxa2 20.Be4 Qxb2+ 21.Kd1 Qa1+
22.Nc1 Bd7 23.Qh3 Bg5 24.Ke2 Ke7 25.f4 e5 26.Bf5 Bxf5 27.Qxf5 Bxf4 28.Nd3 Qc3
29.Nxf4 exf4 30.Qe5+ Kd7 31.Qxg7 Re8+ 32.Kf2 Qxc2+ 33.Kf3 Qc3+ 34.Kxf4 Qd2+
35.Kf3 Qc3+ 36.Kg4 Rxe1 37.Rxe1 Qxe1 38.Qxd4+ Ke7 39.Qa7+ Kf8 40.Qa8+ Kg7
41.Qxa6 Qe4+ 42.Kh3 Qf5+ 43.Kg3 Qe5+ 44.Kh3 1/2-1/2

[Event "V  Torneo Internacional A.D. San Juan"]
[Site "Pamplona (Navarra). Hotel Blanca de Navarra (Avda.
[Date "2011.07.29"]
[Round "6"]
[Board "1"]
[White "Castellanos Rodriguez, Renier"]
[Black "Damljanovic, Branko"]
[Result "0-1"]
[WhiteElo "2497"]
[BlackElo "2611"]
[PlyCount "240"]
[EventDate "2011.07.25"]
[EventRounds "9"]
[EventCountry "ESP"]

1.e4 c5 2.Nf3 e6 3.d4 cxd4 4.Nxd4 a6 5.Bd3 Nf6 6.O-O e5 7.Bg5 d6 8.Nf5 Be6 9.Nc3
Nbd7 10.Qf3 h6 11.Bc1 Rc8 12.Rd1 g6 13.Ne3 h5 14.h3 Rc7 15.Bd2 Bh6 16.a4 Bf4
17.Bf1 g5 18.g3 g4 19.hxg4 Bxe3 20.Qxe3 Nxg4 21.Qg5 Qxg5 22.Bxg5 f6 23.Bd2 Ke7
24.Be2 Rcc8 25.f3 Nh6 26.Kf2 Nf7 27.Rh1 f5 28.exf5 Bxf5 29.Nd5+ Kf8 30.c4 Be6
31.Ne3 Nf6 32.b3 Ke7 33.Rad1 Rhg8 34.Bb4 Rc6 35.a5 Ng5 36.Bf1 Rf8 37.Kg2 Nxf3
38.Kxf3 Nd5+ 39.Ke4 Nxb4 40.Rxh5 Bf7 41.Nf5+ Kf6 42.Rh6+ Bg6 43.Bh3 d5+ 44.cxd5
Rc3 45.Rxg6+ Kxg6 46.Kxe5 Rxb3 47.Rd4 Nd3+ 48.Ke6 Rf6+ 49.Ke7 Rf7+ 50.Ke6 Rf6+
51.Ke7 Rxf5 52.Bxf5+ Kxf5 53.d6 Ne5 54.d7 Nc6+ 55.Kd6 Rxg3 56.Rd5+ Ke4 57.Rd1
Rg6+ 58.Kc7 Rg7 59.Kxb7 Ne5 60.Kxa6 Nxd7 61.Kb5 Rg5+ 62.Ka6 Ne5 63.Kb7 Rg7+
64.Kb6 Nc4+ 65.Kb5 Ne3 66.Rd8 Rg5+ 67.Ka4 Nd5 68.a6 Rg1 69.Kb5 Rb1+ 70.Kc5 Rc1+
71.Kb5 Ra1 72.Rh8 Ke5 73.Rh6 Nc7+ 74.Kc4 Nxa6 75.Rh5+ Kd6 76.Rh6+ Kd7 77.Rh7+
Kc6 78.Rh6+ Kb7 79.Kb5 Nc7+ 80.Kc4 Re1 81.Kc5 Re5+ 82.Kd4 Ra5 83.Kc4 Nd5 84.Rh8
Nf6 85.Kd4 Kc7 86.Rf8 Rf5 87.Ra8 Rd5+ 88.Kc4 Rd1 89.Ra6 Ne4 90.Rh6 Kd7 91.Rg6
Nd6+ 92.Kc5 Nb7+ 93.Kc4 Nd8 94.Rg3 Ra1 95.Rh3 Ne6 96.Rh4 Kd6 97.Rh8 Ra4+ 98.Kd3
Rg4 99.Kc3 Kd5 100.Rh5+ Ke4 101.Rh8 Rg3+ 102.Kc4 Rg1 103.Re8 Rc1+ 104.Kb4 Kd5
105.Rh8 Rc4+ 106.Kb3 Nd4+ 107.Kb2 Rc2+ 108.Ka3 Rc7 109.Kb2 Kc4 110.Rh4 Rg7
111.Kc1 Rg2 112.Kd1 Kd3 113.Rh3+ Ke4 114.Rh4+ Ke3 115.Rh3+ Nf3 116.Kc1 Rf2
117.Rh8 Kd3 118.Rh3 Kc3 119.Kb1 Kb3 120.Kc1 [120.Rh1 Rb2+ 121.Ka1 Ra2+ 122.Kb1
Nd2+ 123.Kc1 Ra1+] 120...Rf1# 0-1

[Event "V  Torneo Internacional A.D. San Juan"]
[Site "Pamplona (Navarra). Hotel Blanca de Navarra (Avda.
[Date "2011.07.29"]
[Round "6"]
[Board "1"]
[White "Iturrizaga, Eduardo"]
[Black "Ninov, Nikolai"]
[Result "1-0"]
[WhiteElo "2603"]
[BlackElo "2518"]
[PlyCount "119"]
[EventDate "2011.07.25"]
[EventRounds "9"]
[EventCountry "ESP"]

1.c4 e6 2.Nf3 d5 3.d4 Nf6 4.e3 dxc4 5.Bxc4 a6 6.O-O c5 7.Bb3 Nc6 8.Qe2 cxd4
9.Rd1 Bd7 10.exd4 Be7 11.Nc3 O-O 12.Ne5 Nb4 13.a3 Nbd5 14.Rd3 Bb5 15.Nxb5 axb5
16.Rh3 b4 17.a4 Ne8 18.Bd2 g6 19.Ng4 Ng7 20.Nh6+ Kh8 21.Ng4 Nf5 22.Rd3 Ra6
23.Re1 Rd6 24.Ne5 f6 25.Nf3 Rc6 26.Qe4 h5 27.h3 Rf7 28.Nh4 Nxh4 29.Qxh4 f5
30.Qg3 Kg7 31.Qf3 Bf8 32.Rxe6 Rxe6 33.Bxd5 Qd7 34.Bxe6 Qxe6 35.Bf4 Rd7 36.Re3
Qd5 37.Qg3 Kf7 38.Be5 Bh6 39.Re1 Re7 40.f4 Re6 41.Rc1 Bf8 42.Rc7+ Re7 43.Rc5 Qa2
44.b3 Rd7 45.Rc4 Qe2 46.Kh2 Be7 47.Rc1 h4 48.Qf3 Qxf3 49.gxf3 Ke6 50.Rc4 Kd5
51.Kg2 g5 52.fxg5 Bxg5 53.Rxb4 Be3 54.Kf1 f4 55.Ke2 Kc6 56.Rc4+ Kb6 57.Kd3 Ka6
58.Ke4 Rd8 59.d5 Rg8 60.d6 1-0